| 000 | 01167cam a22003257a 4500 | ||
|---|---|---|---|
| 003 | CHAP | ||
| 005 | 20220329133905.0 | ||
| 008 | 971013s1974 r 00010 d | ||
| 010 | _a12319 | ||
| 011 | _a13291 | ||
| 035 | _a17362 | ||
| 040 | _cCHAP | ||
| 082 |
_a330.9727 _bB33 |
||
| 100 | 0 | 0 |
_aBassols Batalla, Angel. _910728 |
| 245 | 1 | 3 |
_aLa costa de Chiapas : _bun estudio económico regional |
| 260 |
_aMéxico, D. F. : _bUNAM. Instituto de Investigaciones Económicas, _c1974 |
||
| 300 | _a163 p. | ||
| 590 |
_aBATCH-UPD _b10 _c20130110 _lUCH01 _h1507 |
||
| 590 |
_aBATCH-UPD _b10 _c20130410 _lUCH01 _h0926 |
||
| 590 |
_aBATCH-UPD _b10 _c20130914 _lUCH01 _h0921 |
||
| 590 |
_aBATCH-UPD _b10 _c20180802 _lUCH01 _h0851 |
||
| 590 |
_aCONVERSION _b10 _c20130109 _lUCH01 _h1308 |
||
| 650 | 1 | 4 |
_aChiapas _xCondiciones sociales. _922227 |
| 651 | 1 | 4 |
_aChiapas _xCondiciones económicas. _922225 |
| 901 | _aBK | ||
| 942 | _cLIBRO | ||
| 949 |
_a330.9727 B33 _bBC _cLIBRO _d33724000330775 _eLIBRO _fc.3 _h54455 _i17362 _si |
||
| 949 |
_a330.9727 B33 _bBC _cLIBRO _d33724000330783 _eLIBRO _h54353 _i17362 _si |
||
| 949 |
_a330.9727 B33 _bBC _cLIBRO _d33724000330791 _eLIBRO _fc.2 _h54354 _i17362 _si |
||
| 999 |
_c12319 _d12319 |
||